Les Coachs de Ligue 1 en football - Statistiques

Statistiques générales
  • Ce quiz a été pris 198 fois
    70 depuis la dernière actualisation
  • Le résultat moyen est 9 sur 18
Statistiques - réponses
Club Coach Nationalité % Correct
RC Lens Franck Haise Français
70%
LOSC Lille Paolo Fonseca Portugais
68%
AS Monaco Adi Hütter Autriche
65%
Stade Rennais Bruno Génésio Français
65%
Olympique Lyonnais Laurent Blanc Français
65%
Olympique de Marseille Marcelino Espagne
63%
Stade de Reims Will Still Belge
62%
Paris Saint-Germain Luis Henrique Espagne
60%
Montpellier HSC Michel Der Zakarian Arménien
55%
RC Strasbourg Patrick Vieira Français
53%
Stade Brestois Éric Roy Français
52%
Clermont-Ferrand Pascal Gastien Français
45%
FC Lorient Régis le Bris Français
43%
FC Metz László Bölöni Roumanie
33%
Le Havre AC Luka Elsner Slovénie
30%
OGC Nice Didier Digard France
23%
FC Nantes Pierre Aristouy Français
23%
Toulouse FC Carles Martinez Novell Espagne
8%
Aucun quiz correspondant
Distribution des résultats
% des personnes avec chaque résultat
Percentile par nombre de réponses
Votre historique - résultats
Vous n’avez pas pris ce quiz depuis la dernière actualisation